000 02214nam2a2200265 4500
001 RU\NLR\BIBL_A\022632276
005 20260311170833.0
010 _a978-5-908007-14-6
_9500
021 _aRU
_bКН-П-25-047728
_9КН-П-25-4630
035 _a(NLR Aleph) 022632276
090 _a13632547
_c13632547
100 _a20250926d2025 u y0rusy50 ca
101 0 _arus
102 _aRU
105 _aa j 000yy
200 1 _aЦиклические алгоритмы и программы
210 _d2025
215 _a121 с.
_cил., табл.
461 0 _1001RU\NLR\BIBL_A\022632273
_12001#$aПрактикум по программированию на Python$eучебное пособие$eдля студентов по укрупненной группы специальностей и направлений подготовки 09.00.00 "Информатика и вычислительная техника"$fК. А. Майков, А. Н. Пылькин, Ю. С. Соколова, А. Б. Хвостова$gМинистерство науки и высшего образования Российской Федерации, Рязанский государственный радиотехнический университет имени В. Ф. Уткина$vЧ. 2
_913632546
_cРязань
_d2025–
_fК. А. Майков, А. Н. Пылькин, Ю. С. Соколова, А. Б. Хвостова
_nРязанский государственный радиотехнический университет
_oучебное пособие : для студентов по укрупненной группы специальностей и направлений подготовки 09.00.00 "Информатика и вычислительная техника"
_tПрактикум по программированию на Python
_vЧ. 2
606 1 _aЧисленный анализ
_jУчебные издания для высших учебных заведений
_xАлгоритмы
_xПостроение на компьютерах
_92083507
_3RU\NLR\AUTH\661259567
686 1 _aВ192.1с116я73-1
942 _cBOOK
980 _aNB